| 000 | 00433cam a2200169ua 4500 | ||
|---|---|---|---|
| 020 | _c5.00 | ||
| 041 |
_amal _h |
||
| 082 |
_a332 _bPET/DH |
||
| 100 | _aPeter, K C . | ||
| 245 |
_aDhanashasthrathinte purogathi jeevacharithrangaliloode / _cK C Peter. _hTextual Documents |
||
| 260 |
_aEranakulam : _bC I C C Book House , _c1965. |
||
| 300 | _a279 ; . | ||
| 365 | _a5.00 | ||
| 504 | _a | ||
| 942 | _cBK | ||
| 999 |
_c4378 _d4378 |
||